000 00658nam a2200265Ia 4500
005 20260306163602.0
008 008 260114s9999 xx 000 0 eng d
020 _a9781526155559
037 _aEBOOK
040 _aCRL
040 _beng
040 _cCRL
041 _2eng
041 _aeng
084 _qCRL
100 _aHabermann
_91128937
245 4 _aThe Road To Brexit: A Cultural Perspective On British Attitudes To Europe
260 _bManchester University Press
260 _c2021
650 _aSocial Work
856 _uhttps://academic.oup.com/book/38256
942 _cEBOOK
999 _c1710690
_d1710690